=LDR 00000nam 2200000 4500 =001 INLIS000000000015943 =005 20130612111223 =008 ***********************************Ind** =035 ##$$0010-061300000015943 =041 ##$$a Ind =082 ##$$a 372.6 =090 ##$$a 372.6, Qom b =100 ##$$a Qomarudin =245 ##$$a Bahasa Indonesia 6a pendidikan dasar 9 tahun untuk kelas 6 sekolah dasar sesuai dengan kurikulum 1994, Drs. Qomarudin ; Rujianto =260 ##$$a 1996 $b Surakarta =300 ##$$a vi, 72 hlm, ilm, 28 cm =650 ##$$a Pendidikan Dasar - Bhs =650 ##$$a Indonesia =700 ##$$a Rujianto =850 ##$$a NBPNMAT